Barbie Life in the Dreamhouse Characters - Statistics

General Stats
  • This quiz has been taken 204 times
  • The average score is 10 of 13
Answer Stats
Picture Answer % Correct
Ken
99%
Barbie
98%
Skipper
91%
Chelsea
89%
Ryan
88%
Stacie
86%
Raquelle
84%
Midge
77%
Summer
75%
Teresa
73%
Taffy
57%
Blissa
45%
Tawny
35%
No matching quizzes found
Score Distribution
Percent of People with Each Score
Percentile by Number Answered
Your Score History
You have not taken this quiz